| 000 | 01581nam a22003374a 4500 | ||
|---|---|---|---|
| 001 | ebr10055215 | ||
| 003 | CaPaEBR | ||
| 006 | m u | ||
| 007 | cr cn||||||||| | ||
| 008 | 990310s1999 dcua sb 001 0 eng | ||
| 010 | _z 99006247 | ||
| 020 | _z0309064759 (hardcover) | ||
| 040 |
_aCaPaEBR _cCaPaEBR |
||
| 035 | _a(OCoLC)43475145 | ||
| 050 | 1 | 4 |
_aQC981.8.C5 _bM345 1999eb |
| 082 | 0 | 4 |
_a551.63 _221 |
| 245 | 0 | 0 |
_aMaking climate forecasts matter _h[electronic resource] / _cPaul C. Stern and William E. Easterling, editors ; Panel on the Human Dimensions of Seasonal-to-Interannual Climate Variability, Committee on the Human Dimensions of Global Change, Commission on Behavioral and Social Sciences and Education, National Research Council. |
| 246 | 3 | 0 | _aClimate forecasts |
| 260 |
_aWashington, D.C. : _bNational Academy Press, _cc1999. |
||
| 300 |
_axii, 175 p. : _bill. |
||
| 504 | _aIncludes bibliographical references (p. 142-159) and index. | ||
| 533 |
_aElectronic reproduction. _bPalo Alto, Calif. : _cebrary, _d2013. _nAvailable via World Wide Web. _nAccess may be limited to ebrary affiliated libraries. |
||
| 650 | 0 |
_aClimatic changes _xSocial aspects. |
|
| 650 | 0 |
_aWeather forecasting _xSocial aspects. |
|
| 650 | 0 |
_aLong-range weather forecasts _xSocial aspects. |
|
| 655 | 7 |
_aElectronic books. _2local |
|
| 700 | 1 |
_aStern, Paul C., _d1944- |
|
| 700 | 1 | _aEasterling, William E. | |
| 710 | 2 | _aebrary, Inc. | |
| 856 | 4 | 0 |
_uhttp://site.ebrary.com/lib/rucke/Doc?id=10055215 _zAn electronic book accessible through the World Wide Web; click to view |
| 999 |
_c64168 _d64168 |
||